Implications of e-Commerce for Central Banking: a Review

Analýza potenciálnych dôsledkov elektronického obchodu pre centrálne banky vo všeobecnosti a najmä Národnej banky Slovenska. Analýza súčasnej situácie a perspektívne vyhliadky.

Salvato in:
Dettagli Bibliografici
Autore principale: Fabo, Brian
Natura: Capitolo di libro
Lingua:inglese
Soggetti:
Tags: Aggiungi Tag
Nessun Tag, puoi essere il primo ad aggiungerne!!

MARC

LEADER 00000naa a2200000 4500
001 0247052
005 20221104110720.1
041 0 |a eng 
044 |a SK 
245 1 0 |a Implications of e-Commerce for Central Banking: a Review  |c Brian Fabo 
520 |a Analýza potenciálnych dôsledkov elektronického obchodu pre centrálne banky vo všeobecnosti a najmä Národnej banky Slovenska. Analýza súčasnej situácie a perspektívne vyhliadky. 
610 2 0 |a analýza ekonomická 
610 2 0 |a banky centrálne 
610 2 0 |a obchod elektronický 
100 1 |a Fabo, Brian